Equine enterprises boost farm incomes (Record no. 66441)

MARC details
000 -LEADER
fixed length control field 00992cam a2200229 4500
001 - CONTROL NUMBER
control field WB3712-47
008 - FIXED-LENGTH DATA ELEMENTS--GENERAL INFORMATION
fixed length control field 000000n2001 000 0 eng u
035 ## - SYSTEM CONTROL NUMBER
System control number (Sirsi) u111496
245 ## - TITLE STATEMENT
Title Equine enterprises boost farm incomes
260 ## - PUBLICATION, DISTRIBUTION, ETC.
Date of publication, distribution, etc. 2001
490 ## - SERIES STATEMENT
Series statement Farmers Guardian
Volume/sequential designation 16 March 2001, 28(1)
520 ## - SUMMARY, ETC.
Summary, etc. A new survey by Strutt & Parker has shown that three-quarters of their farming clients have diversified into horses in the last fifteen years. 23% of those who have set up stables or other equine enterprises had done so in the last two years. The research, also suggests that such enterprises can be a useful source of income with annual rents for land let for horses reaching of £200-£500 per acre.
590 ## - LOCAL NOTE (RLIN)
Local note WB
650 ## - SUBJECT ADDED ENTRY--TOPICAL TERM
Topical term or geographic name entry element BRITISH EQUINE TRADE ASSOCIATION
650 ## - SUBJECT ADDED ENTRY--TOPICAL TERM
Topical term or geographic name entry element FARM DIVERSIFICATION
650 ## - SUBJECT ADDED ENTRY--TOPICAL TERM
Topical term or geographic name entry element EQUINE BUSINESSES
650 ## - SUBJECT ADDED ENTRY--TOPICAL TERM
Topical term or geographic name entry element HORSES
650 ## - SUBJECT ADDED ENTRY--TOPICAL TERM
Topical term or geographic name entry element LIVERY STABLES
650 ## - SUBJECT ADDED ENTRY--TOPICAL TERM
Topical term or geographic name entry element STABLES
690 ## - LOCAL SUBJECT ADDED ENTRY--TOPICAL TERM (OCLC, RLIN)
Topical term or geographic name as entry element RURAL-FARM BUSINESS MANAGEMENT
942 ## - ADDED ENTRY ELEMENTS (KOHA)
Suppress in OPAC 0
Holdings
Withdrawn status Lost status Source of classification or shelving scheme Damaged status Not for loan Home library Current library Shelving location Date acquired Total Checkouts Full call number Barcode Date last seen Copy number Price effective from Koha item type
    Dewey Decimal Classification     London London News article 20/03/2001   WB3712-47 111496-1001 06/08/2019 1 06/08/2019 News article